|
|
|
|
| LEADER |
00875ncm a22002292a 4500 |
| 001 |
001328367 |
| 003 |
CZ BrMZK |
| 005 |
20160315112132.0 |
| 007 |
qu |
| 008 |
020925s1883 fr zxx d |
| 040 |
|
|
|a BOA001
|b cze
|
| 072 |
|
7 |
|a 786
|x Hudba pro klávesové nástroje
|2 Konspekt
|9 9
|
| 100 |
1 |
|
|a Bizet, Georges,
|d 1838-1875
|7 jn19990000822
|4 cmp
|
| 245 |
1 |
2 |
|a L'Arlésienne.
|n 2me Suite /
|h [hudebnina] :
|b deux suites de concert pour piano : edition originale /
|c par Georges Bizet
|
| 260 |
|
|
|a Paris :
|b Choudens,
|c [1883?]
|
| 300 |
|
|
|a 1 partitura (29 s.)
|
| 490 |
1 |
|
|a Collection des oeuvres posthumes de Georges Bizet
|
| 830 |
|
0 |
|a Collection des oeuvres posthumes de Georges Bizet
|
| 910 |
|
|
|a BOA001
|b Mus4-0197.818-1883,2
|
| 990 |
|
|
|a MU
|
| 991 |
|
|
|b 201309
|
| 996 |
6 |
|
|b 2619467182
|c Mus4-0197.818-1883,2
|l MZK
|r Sklad / do 1 hodiny
|n 0
|w 001363295
|u 000010
|a 1
|e BOA001
|j MZK50
|s P
|